Statystyki dla Rzeczy które nosimy w piórniku

Kliknij tutaj aby rozwiązać quiz!

Ogólne statystyki

  • Ten quiz został rozwiązany 46 razy
  • Średni wynik to 10 z 15

Statystyki odpowiedzi

Odpowiedź% Poprawnych
długopis
100%
ołówek
97%
gumka
95%
linijka
95%
ekierka
82%
cyrkiel
74%
kredka
72%
temperówka
67%
zakreślacz
64%
kątomierz
62%
korektor
49%
nożyczki
49%
klej
41%
pisak
41%
taśma klejąca
18%

Rozkład punktacji

Percentyl według liczby udzielonych odpowiedzi

Procent ludzi z każdym wynikiem

Twoja historia wyników

Nie rozwiązałeś tego quizu